Music Quiz

Random Music Quiz

Name The Sub-Units? Quiz Stats

 Plays Quiz not verified by Sporcle

Challenge
Share
Tweet
Embed
Score 0/78 Timer 18:00
0 Plays Today
Hint Answer % Correct
U-KISS uBEAT
100%
2NE1, L__ H_Bom&Hi
100%
Super Junior, TRAXM&D
100%
TRAX, Super Junior, SHINee & J... SM THE BALLAD
100%
TVXQ, Super Junior, Girls' Generation, SHINee, f(x), EXO, Super Junior-M & Z.... L....SM THE BALLAD
100%
SHINee & InfiniteToheart
100%
Super Junior, Super Junior-M, Girls' Generation, SHINee, EXOYOUNIQUE UNIT
100%
100%100% V
50%
2NE1 CL&MINZY
50%
24K 4K
50%
4MINUTE 2YOON
50%
After School Orange Caramel
50%
After School AS Blue
50%
After School AS Red
50%
AOA AOA BLACK
50%
AOA AOA White
50%
AOA AOA Cream
50%
APINKPINK BnN
50%
B.A.PBANG&ZELO
50%
BIG BANG GD&TOP
50%
BIG BANG GD x TAEYANG
50%
Block BBlock B - Bastarz
50%
BTOBBTOB-Blue
50%
Brown Eyed GirlsM&N
50%
COED SchoolF-VE Dolls
50%
COED SchoolSPEED
50%
CSJHThe GraceThe Grace
50%
Exid Dasoni
50%
EXOEXO-K
50%
EXOEXO-M
50%
EXOEXO-CBX
50%
Ft. IslandFt. Triple
50%
Girls' GenerationTaeTiSeo
50%
HIGH4HIGH420
50%
InfiniteINFINITE F
50%
Infinite INFINITE H
50%
NCTNCT 127
50%
NCTNCT Dream
50%
NCTNCT U
50%
Hint Answer % Correct
Nine MusesNine Muses A
50%
RainbowRainbow Pixie
50%
RainbowRainbow Blaxx
50%
SISTAR SISTAR19
50%
SPICASpica.S
50%
Super Junior Super Junior K.R.Y
50%
Super Junior Super Junior-T
50%
Super Junior Super Junior-H
50%
Super Junior Super Junior-M
50%
Super JuniorSuper Junior-D&E
50%
T-ARA N4
50%
T-ARA QBS
50%
ZE:A ZEA5
50%
ZE:A ZE:A 4U
50%
ZE:A, Nine Muses Nasty Nasty
50%
Produce 101 (MNET, 2016)I.B.I
50%
DIA, Pledis Girlz, Gugudan, Cosmic GirlsI.O.I
50%
CNBlue & J.....Romantic J
50%
TVXQ, Super Junior, SHINee, EXO SM THE PERFORMANCE
50%
4Minute, SISTAR, Secret, After School, KARA (former)Dazzling RED
50%
MBLAQ, 2AM, Teen Top, Infinite, HIGHLIGHTDramatic BLUE
50%
Infinite, 2AM, MBLAQ, HIGHLIGHT, Teen TopDynamic BLACK
50%
SISTAR, 4Minute, KARA, After School, SecretMystic WHITE
50%
HIGHLIGHT & 4MinuteTROUBLE MAKER
50%
Cosmic Girls , Monsta X YTeen
50%
50%
50%
JewelryJewelryS
0%
LPG Chaness
0%
PARANParan The Pace
0%
SechskiesBlack Kies
0%
SechskiesWhite Kies
0%
SS501TripleS
0%
ZE:A 3Peace☆Lovers
0%
Brown Eyed Girls, 4Minute, KARA, After School4Tomorrow
0%
BIGSTAR, HIGHLIGHT, EXIDAbsurd
0%
H.O.T (former), F4K&V
0%
Wonder Boyz, WEMando & Chigi
0%
H.O.T (Former),Shinhwa S
0%

You're not logged in!

Compare scores with friends on all Sporcle quizzes.
Join for Free
OR
Log In

You Might Also Like...

Show Comments

Extras

Created Jun 27, 2017ReportFavoriteNominate

Top Quizzes Today


Score Distribution

Your Account Isn't Verified!

In order to create a playlist on Sporcle, you need to verify the email address you used during registration. Go to your Sporcle Settings to finish the process.

Report this User

Report this user for behavior that violates our Community Guidelines.

Details: